000 00934cam a2200253 a 4500
003 OSt
005 20251110115241.0
008
020 _a9780471387947 (Paperback)
040 _cNUST
_aNUST
_beng
_dNUST
_erda
050 _aQA135.5 HED
100 1 _aHeddens, James W.
_eAuthor
245 1 0 _aToday's mathematics Part 1:
_bconcepts and classroom methods /
_cJames W. Heddens and William R.Speer.
250 _aTenth edition.
260 _aNew York :
_bJohn Wiley,
_c©2001.
300 _axii, 381 pages :
_bIllustrations ;
_c28 cm.
336 _2rdacontent
_atext
_btxt
337 _2rdamedia
_aunmediated
_bn
338 _2rdacarrier
_avolume
_bnc
504 _aIncludes bibliographical references and index.
650 0 _aMathematics
_xStudy and teaching (Elementary)
700 1 _aSpeer, William R.
_eAuthor
942 _cBOOKS
_kQA135.5
_mHED
_2lcc
_eTenth edition.
_hQA135.5 HED
_n0
999 _c97472
_d97472